| Tag |
First Indicator |
Second Indicator |
Subfields |
| LEADER |
00000cam a2200000 a 4500 |
| 001 |
in00000034304 |
| 005 |
20151007060646.0 |
| 008 |
861016s1986 ne a b 10000 eng |
| 010 |
|
|
|a 86215052
|
| 020 |
|
|
|a 0444878696 (set)
|
| 020 |
|
|
|a 0444877584 (v. 1)
|
| 020 |
|
|
|a 0444878521 (v. 2)
|
| 035 |
|
|
|a (OCoLC)15221848
|
| 035 |
|
|
|9 AAC1387AM
|
| 040 |
|
|
|a DLC
|c DLC
|d m/c
|d TXA
|d UtOrBLW
|
| 049 |
|
|
|a TXAM
|v 1 [A12634757]
|v 2 [A12634804]
|
| 050 |
0 |
0 |
|a QA76.9.C62
|b A44 1986
|
| 082 |
0 |
|
|a 004/.01/51
|2 19
|
| 245 |
0 |
0 |
|a Algebra, combinatorics and logic in computer science /
|c edited by J. Demetrovics, G. Katona, A. Salomaa.
|
| 264 |
|
1 |
|a Amsterdam ;
|a New York :
|b North-Holland ;
|a New York, N.Y., U.S.A. :
|b Elsevier Science Pub. Co.,
|c [1986]
|
| 264 |
|
4 |
|c ©1986
|
| 300 |
|
|
|a 2 volumes (887 pages) :
|b illustrations ;
|c 24 cm.
|
| 336 |
|
|
|a text
|b txt
|2 rdacontent
|
| 337 |
|
|
|a unmediated
|b n
|2 rdamedia
|
| 338 |
|
|
|a volume
|b nc
|2 rdacarrier
|
| 490 |
1 |
|
|a Colloquia Mathematica Societatis János Bolyai,
|x 0139-3383 ;
|v 42
|
| 500 |
|
|
|a Proceedings of the Colloquium on Algebra, Combinatories and Logic in Computer Science, held Sept. 12-16, 1983, in Györ, Hungary.
|
| 504 |
|
|
|a Includes bibliographies.
|
| 650 |
|
0 |
|a Computer arithmetic
|x Congresses.
|
| 650 |
|
0 |
|a Algebra
|v Congresses.
|
| 650 |
|
0 |
|a Logic, Symbolic and mathematical
|v Congresses.
|
| 700 |
1 |
|
|a Demetrovics, János.
|
| 700 |
1 |
|
|a Katona, G.
|
| 700 |
1 |
|
|a Salomaa, Arto.
|
| 711 |
2 |
|
|a Colloquium on Algebra, Combinatories, and Logic in Computer Science
|d (1983 :
|c Györ, Hungary)
|
| 830 |
|
0 |
|a Colloquia mathematica Societatis János Bolyai ;
|v 42.
|
| 999 |
|
|
|a MARS
|
| 999 |
f |
f |
|s 3f1f3073-fc2a-3f6f-ae9a-018ce18d5575
|i 67a9f4fc-96a2-325d-be37-45a79d9e0486
|t 0
|
| 952 |
f |
f |
|p ric
|a Texas A&M University
|b Rellis Campus
|c Joint Library Facility
|d Remote Storage
|t 0
|e QA76.9.C62 A44 1986
|h Library of Congress classification
|i unmediated -- volume
|k v.2
|m A14812634804
|
| 952 |
f |
f |
|p ric
|a Texas A&M University
|b Rellis Campus
|c Joint Library Facility
|d Remote Storage
|t 0
|e QA76.9.C62 A44 1986
|h Library of Congress classification
|i unmediated -- volume
|k v.1
|m A14812634757
|
| 998 |
f |
f |
|a QA76.9.C62 A44 1986
|s v.1-v.2
|t 0
|l Remote Storage
|